000 01293cam a2200133 4500500
005 20251214004002.0
041 _afre
042 _adc
100 1 0 _aMonier, Frédéric
_eauthor
245 0 0 _aCorruption et politique : rien de nouveau ?
260 _bArmand Colin,
_c2011.
520 _aL’affaire Woerth-Bettencourt a agité la vie politique française. Ce n’est certes pas la première fois que la République est touchée par un scandale: un avatar de plus d’une corruption bien dans ses meubles au sein du système français de pouvoir ?Méfions-nous des apparences et d’une prise en otage du passé nourrie par l’incapacité de penser les spécificités du présent. Paradoxalement, c’est l’historien qui est le mieux à même de faire la part des choses.Et c’est donc en historien, et non pas en politiste, et encore moins en journaliste, que Frédéric Monier analyse cette affaire.Il nous livre un éclairage précieux sur cette France d’aujourd’hui, qui, de droite à gauche, de dissensions en fractures, de malaises en psychodrames, se donne tant de mal pour retarder ses rendez-vous avec un avenir démocratique.
856 4 1 _uhttps://shs.cairn.info/corruption-et-politique-rien-de-nouveau--9782200248604?lang=fr&redirect-ssocas=7080
999 _c1568096
_d1568096